Przypadki gramatyczne - nagła śmierć - Statystyki

Ogólne statystyki
  • Ten quiz został rozwiązany 56 razy
  • Średni wynik to 6 z 7
Answers on the Grid
Answers color-coded by a green-red scale on the quiz's grid according to % correct below.
Mianownik
Dopełniacz
Celownik
Biernik
Miejscownik
Narzędnik
Wołacz
Wypełniacz
Radnik
Dopełnik
Narzędniacz
Krzykacz
 
Statystyki odpowiedzi
Odpowiedź % Poprawnych
Biernik
94%
Miejscownik
91%
Wołacz
91%
Celownik
88%
Dopełniacz
88%
Mianownik
88%
Narzędnik
82%
Nie znaleziono quizów pasujących do podanych kryteriów
Rozkład punktacji
Procent ludzi z każdym wynikiem
Percentyl według liczby udzielonych odpowiedzi
Twoja historia wyników
Nie rozwiązałeś tego quizu